000 00901nas a2200241 454500
001 1091
005 20260407193503.0
008 260407s1981####ag###########|||spa#d
003 AR-UNSa-BCEJYS
040 _aAR-UNSa-BCEJYS
_bspa
_cAR-UNSa-BCEJYS
080 _a35
_xAdministración Pública
245 1 0 _aRevista Internacional de Ciencias Administrativas
_prevista internacional de administración pública comparada
022 _a0255-3635
264 1 _aMadrid :
_bInstituto Nacional de Administración Pública (INAP)
_c1981
310 _aTrimestral
942 _cSER
590 _aniveau_biblio:s niveau_hierar:1
100 1 _aSundquist, James
650 _aAdministración
650 _aADMINISTRACION PUBLICA
650 _aIntegración económica
856 4 1 _uhttps://biblioeco.unsa.edu.ar/pmb/images/revistas/Revista Internacional de Ciencias Administrativas.jpg
_yImagen de portada
_qimage/jpeg
999 _c8377
_d8377